000 01124nam a2200265 i 4500
001 190072
003 ES-MaACL
005 20250724035714.0
007 t|
008 200312s1975 sp ||||1| spa d
100 1 _aMartínez Gázquez, José.
_9169984
245 1 3 _aLa campaña de Catón en Hispania /
_cpor José Martínez Gázquez.
260 _aBarcelona :
_bUniversidad de Barcelona, [Facultad de Filosofía y Letras],
_c1975.
300 _a10 p. ;
_c24 cm.
502 _aTesis-Univ. Barcelona (Extracto)
594 _aPrecede al tít.: Universidad de Barcelona. Secretariado de Publicaciones. Intercambio Cientifico y Extensión Universitaria.
600 1 7 _aCatón, Marco Porcio,
_cMayor
_2embne
_937075
651 7 _aEspaña-
_xHistoria-
_y218 a.C.-414 d.C. (Época romana)
_9168873
651 4 _aRoma-
_xHistoria militar-
_y265-30 a.C. (República)
_9169985
655 _aTesis y escritos académicos
_9226867
710 2 _aUniversidad de Barcelona.
_bFacultad de Filosofía y Letras.
_97149
852 4 _aES-MaACL
_jP-1415(64)
_9197223
_bR.68610
_cDEPO2
942 _2udc
999 _c190072
_d190072